El siglo de China : la floreciente economía de China y su impacto en la economía global, en el equilibrio del poder y en los empleos /
La obra presenta una radiografía del crecimiento económico de China, su política comercial y económica, las consecuencias en la aplicación de éstas últimas; así como su posicionamiento en el comercio frente a otros países.
Gorde:
| Egile nagusia: | |
|---|---|
| Formatua: | Liburua |
| Hizkuntza: | gaztelania |
| Argitaratua: |
Bogotá, Colombia :
Norma,
2008, c2008
|
| Saila: | (Verticales de Bolsillo)
|
| Gaiak: | |
| Etiketak: |
Etiketarik gabe, Izan zaitez lehena erregistro honi etiketa jartzen!
|
MARC
| LEADER | 00000nam^a2200000^a^4500 | ||
|---|---|---|---|
| 001 | 000181889 | ||
| 005 | 20250521000000.0 | ||
| 009 | 20260310101946.959 | ||
| 020 | |a 978-958-45-0840-9 | ||
| 037 | |a Acervo ITESO - Biblioteca | ||
| 041 | |a ESP | ||
| 082 | |a 330. 951059 |b SHE | ||
| 100 | |a Shenkar, Oded |e (autor) | ||
| 240 | 1 | 4 | |a [El siglo de China: la floreciente economía de China y su impacto en la economía global, en el equilibrio del poder y en los empleos] |
| 245 | 1 | 3 | |a El siglo de China : |b la floreciente economía de China y su impacto en la economía global, en el equilibrio del poder y en los empleos / |c O. Shenkar ; tr. por Jorge Cárdenas Nannetti. |
| 264 | 4 | |a Bogotá, Colombia : |b Norma, |c 2008, c2008 | |
| 300 | |a 229 p. | ||
| 336 | |a texto |b txt |2 rdacontenido | ||
| 337 | |a sin mediación |b n |2 rdamedio | ||
| 338 | |a volumen |b nc |2 rdasoporte | ||
| 440 | 1 | |a (Verticales de Bolsillo) | |
| 500 | |a Traducción de: The Chinese Century. The Rising Chinese Economy and Its Impact on the Global Economy, the Balance of Power, and Your Job | ||
| 520 | |a La obra presenta una radiografía del crecimiento económico de China, su política comercial y económica, las consecuencias en la aplicación de éstas últimas; así como su posicionamiento en el comercio frente a otros países. | ||
| 610 | |a Organización Mundial de Comercio | ||
| 649 | |a XX | ||
| 650 | |a Desarrollo Económico-Social - |z China | ||
| 650 | |a Desarrollo Tecnológico - |z China | ||
| 650 | |a Producto (Mezcla de Mercadotecnia) - |z China | ||
| 650 | |a Comercio Exterior - |z China | ||
| 650 | |a Comercio - |z China | ||
| 650 | |a Inversiones Extranjeras - |z China | ||
| 650 | |a Industrialización - |z China | ||
| 650 | |a Patentes - |z China | ||
| 650 | |a Propiedad Industrial - |z China | ||
| 650 | |a Propiedad Intelectual - |z China | ||
| 650 | |a Migración - |z China | ||
| 650 | |a Mercado de Trabajo - |z China | ||
| 650 | |a Educación - |z China | ||
| 650 | |a Política Comercial - |z China | ||
| 650 | |a Política Económica - |z China | ||
| 650 | |a Globalización - |z China | ||
| 650 | |a Economía - |z China - |x Historia - |y 1990-1999 | ||
| 650 | |a Economía - |z China - |x Historia - |y Siglo XX | ||
| 650 | |a Economía - |z China - |x Historia - |y 2000-2009 | ||
| 650 | |a Economía - |z China - |x Historia - |y Siglo XXI | ||
| 650 | |a China - |x Condiciones Económicas | ||
| 910 | |a Fondo General | ||
| 920 | |a Impresos - Libros | ||
| 930 | |a Colección General | ||
| 905 | |a 101 | ||
| 901 | |a 0500291433 |b IT1 |c ACC |u 20250521 | ||
| 902 | |a https://opac.biblio.iteso.mx/vufind/Record/000181889 | ||